| 000 | 004250000a22001810004500 | ||
|---|---|---|---|
| 003 | MACL | ||
| 005 | 20150912162245.0 | ||
| 008 | 150912b xxu||||| |||| 00| 0 eng d | ||
| 040 |
_aMACL _cMACL |
||
| 041 | _aEnglish | ||
| 082 | _a823/DAS | ||
| 100 |
_aDas, Upendra Kishore _910528 |
||
| 245 | _aThe Dying Moon | ||
| 260 |
_bRupantar _c2006 _aBhubaneswar |
||
| 350 | _a80 | ||
| 650 |
_aFiction _910529 |
||
| 942 |
_cBK _k823 _2ddc |
||
| 999 |
_c8496 _d8496 |
||